| 000 | 00872nam a2200217 a 4500 | ||
|---|---|---|---|
| 001 | 000872744 | ||
| 003 | AM-YeHGA | ||
| 005 | 20250617145220.0 | ||
| 008 | 120306s ||| r 000 0 ita d | ||
| 040 | _aAM-YeHGA | ||
| 041 | 0 | _aita | |
| 100 | 1 | _aCajkovskij, Piotr. I. | |
| 245 | 1 | 3 |
_aLa bella addormentata nel bosco : _bBallletto in un prologo e tre atti : Prima rappresentazione : 6 aprile 1978 / _cMusica di Piotr. I. Cajkovskij ; Libretto di M. Petipa e I.A. Vsevolozskij ; Regia e coreografia di Rudolf Nureyev ; Scene e costumi di Nicholas Georgiadis. |
| 260 |
_aMilano : _bEdizioni della Scala, _cs.a. |
||
| 300 |
_a43, [16] p. : _bill. |
||
| 500 | _aOn cover : Teatro alla scala, Ente Autonomo. Stagione del Bicentenario, 1778-1978 | ||
| 650 | 1 | 4 |
_aBallet _xHistory _y20th century. |
| 700 | 1 | _aPetipa, M. | |
| 700 | 1 | _aVsevolozskij, I.A. | |
| 090 | _c309868 | ||
| 999 |
_c308158 _d308158 |
||